[Event "Torneio Nacional de Mestres e Honra"]
[Site "Centro de Estagio do Jamor"]
[Date "2019.08.16"]
[Round "5.1"]
[White "Margarido, Jose"]
[Black "Ferreira, Hugo"]
[Result "1/2-1/2"]
[BlackElo "2142"]
[WhiteElo "2135"]
[WhiteTeam "Profigaia/ Escola Profiss"]
[BlackTeam "Ferroviarios do Barreiro"]
[LiveChessVersion "1.4.8"]

1. e4 {[%clk 1:30:30]} c6 {[%clk 1:30:51]} 2. Nc3 {[%clk 1:31:09]} d5
{[%clk 1:31:08]} 3. Nf3 {[%clk 1:31:38]} dxe4 {[%clk 1:31:21]} 4. Nxe4
{[%clk 1:32:06]} Bf5 {[%clk 1:31:32]} 5. Ng3 {[%clk 1:32:23]} Bg6
{[%clk 1:31:55]} 6. h4 {[%clk 1:32:30]} h6 {[%clk 1:32:18]} 7. Ne5
{[%clk 1:32:46]} Bh7 {[%clk 1:32:38]} 8. Qh5 {[%clk 1:32:25]} g6 {[%clk 1:32:41]}
9. Bc4 {[%clk 1:32:40]} e6 {[%clk 1:32:37]} 10. Qe2 {[%clk 1:31:30]} Qe7
{[%clk 1:28:12]} 11. d4 {[%clk 1:31:10]} Nd7 {[%clk 1:26:37]} 12. Bf4
{[%clk 1:28:49]} Bg7 {[%clk 1:20:41]} 13. Nxd7 {[%clk 1:19:41]} Qxd7
{[%clk 1:17:21]} 14. Be5 {[%clk 1:19:51]} Nf6 {[%clk 1:15:20]} 15. Ne4
{[%clk 1:19:40]} Nxe4 {[%clk 1:15:34]} 16. Bxg7 {[%clk 1:19:59]} Rg8
{[%clk 1:15:59]} 17. Be5 {[%clk 1:15:51]} Nd6 {[%clk 1:16:09]} 18. Bb3
{[%clk 1:11:57]} O-O-O {[%clk 1:13:55]} 19. Bf6 {[%clk 1:09:29]} Rde8
{[%clk 1:13:29]} 20. O-O-O {[%clk 1:09:39]} g5 {[%clk 1:09:44]} 21. hxg5
{[%clk 1:03:05]} Ne4 {[%clk 1:10:04]} 22. Be5 {[%clk 0:53:55]} Rxg5
{[%clk 1:04:01]} 23. Rxh6 {[%clk 0:47:44]} f6 {[%clk 0:59:03]} 24. Bxf6
{[%clk 0:36:21]} Rxg2 {[%clk 0:59:09]} 25. Be5 {[%clk 0:36:09]} Rxf2
{[%clk 0:52:17]} 26. Qh5 {[%clk 0:34:15]} Rf7 {[%clk 0:35:57]} 27. Rh1
{[%clk 0:26:09]} Bf5 {[%clk 0:36:20]} 28. Qh4 {[%clk 0:25:17]} Rff8
{[%clk 0:26:50]} 29. Rg1 {[%clk 0:16:02]} Rg8 {[%clk 0:27:05]} 30. Rxg8
{[%clk 0:16:07]} Rxg8 {[%clk 0:27:30]} 31. Rh8 {[%clk 0:16:14]} Qe8
{[%clk 0:27:42]} 32. Rxg8 {[%clk 0:14:14]} Qxg8 {[%clk 0:28:07]} 33. Qh8
{[%clk 0:13:40]} Qxh8 {[%clk 0:28:30]} 34. Bxh8 {[%clk 0:14:00]} Kd7
{[%clk 0:26:09]} 35. c3 {[%clk 0:13:46]} Nf2 {[%clk 0:24:39]} 36. Bc4
{[%clk 0:10:44]} 1/2-1/2

[Event "Torneio Nacional de Mestres e Honra"]
[Site "Centro de Estagio do Jamor"]
[Date "2019.08.16"]
[Round "5.2"]
[White "Reis, Luis Sousa"]
[Black "Fernandes, Miguel"]
[Result "1/2-1/2"]
[BlackElo "2108"]
[WhiteElo "2161"]
[WhiteTeam "Axportugal /Atlantidiagonal"]
[BlackTeam "Aa Coimbra"]
[LiveChessVersion "1.4.8"]

1. e4 {[%clk 1:30:40]} c6 {[%clk 1:30:52]} 2. c4 {[%clk 1:29:50]} d5
{[%clk 1:30:46]} 3. exd5 {[%clk 1:29:12]} cxd5 {[%clk 1:31:10]} 4. d4
{[%clk 1:27:59]} Nf6 {[%clk 1:31:29]} 5. Nc3 {[%clk 1:27:21]} e6 {[%clk 1:31:49]}
6. c5 {[%clk 1:24:48]} Be7 {[%clk 1:31:19]} 7. b4 {[%clk 1:23:32]} O-O
{[%clk 1:31:13]} 8. Nf3 {[%clk 1:22:53]} b6 {[%clk 1:30:49]} 9. Bd3
{[%clk 1:05:39]} a5 {[%clk 1:30:58]} 10. Na4 {[%clk 1:05:31]} Nfd7
{[%clk 1:24:11]} 11. a3 {[%clk 0:53:28]} axb4 {[%clk 1:23:59]} 12. axb4
{[%clk 0:53:36]} e5 {[%clk 1:21:56]} 13. dxe5 {[%clk 0:38:59]} bxc5
{[%clk 1:22:00]} 14. O-O {[%clk 0:23:56]} Nc6 {[%clk 1:18:27]} 15. bxc5
{[%clk 0:22:30]} Ndxe5 {[%clk 1:15:11]} 16. Nxe5 {[%clk 0:22:29]} Nxe5
{[%clk 1:15:32]} 17. Bb2 {[%clk 0:18:19]} Nxd3 {[%clk 1:08:04]} 18. Qxd3
{[%clk 0:18:30]} Be6 {[%clk 1:01:44]} 19. Nb6 {[%clk 0:08:43]} Rxa1
{[%clk 1:01:37]} 20. Bxa1 {[%clk 0:08:33]} f6 {[%clk 0:58:50]} 21. Rd1
{[%clk 0:07:41]} Bxc5 {[%clk 0:58:22]} 22. Nxd5 {[%clk 0:07:45]} Qxd5
{[%clk 0:51:51]} 1/2-1/2

[Event "Torneio Nacional de Mestres e Honra"]
[Site "Centro de Estagio do Jamor"]
[Date "2019.08.16"]
[Round "5.3"]
[White "Rocha, Sergio"]
[Black "Eggert, Alberto"]
[Result "1-0"]
[BlackElo "2103"]
[WhiteElo "2353"]
[WhiteTeam "FC Barreirense"]
[BlackTeam "Amadora Xadrez"]
[LiveChessVersion "1.4.8"]

1. c4 {[%clk 1:30:57]} e5 {[%clk 1:29:04]} 2. Nc3 {[%clk 1:31:13]} Nc6
{[%clk 1:28:55]} 3. g3 {[%clk 1:30:57]} Nf6 {[%clk 1:26:14]} 4. Bg2
{[%clk 1:31:19]} Bb4 {[%clk 1:26:11]} 5. Nf3 {[%clk 1:31:32]} Bxc3
{[%clk 1:25:30]} 6. dxc3 {[%clk 1:31:51]} d6 {[%clk 1:25:32]} 7. O-O
{[%clk 1:32:14]} Be6 {[%clk 1:25:16]} 8. b3 {[%clk 1:32:37]} h6 {[%clk 1:25:00]}
9. Ne1 {[%clk 1:33:02]} d5 {[%clk 1:25:19]} 10. cxd5 {[%clk 1:33:22]} Bxd5
{[%clk 1:24:52]} 11. f3 {[%clk 1:32:04]} Be6 {[%clk 1:20:07]} 12. Nd3
{[%clk 1:31:46]} Qe7 {[%clk 1:12:06]} 13. Qe1 {[%clk 1:26:20]} Bf5
{[%clk 1:09:51]} 14. e4 {[%clk 1:26:31]} O-O-O {[%clk 1:08:20]} 15. Qe2
{[%clk 1:25:49]} Be6 {[%clk 1:07:22]} 16. Be3 {[%clk 1:24:36]} Nd7
{[%clk 1:05:34]} 17. Rac1 {[%clk 1:15:39]} Kb8 {[%clk 1:02:37]} 18. Qf2
{[%clk 1:14:29]} Qd6 {[%clk 0:59:03]} 19. Rfd1 {[%clk 1:11:18]} Nb6
{[%clk 0:59:23]} 20. Rd2 {[%clk 1:10:29]} Qe7 {[%clk 0:56:28]} 21. Rcd1
{[%clk 1:10:04]} f6 {[%clk 0:56:05]} 22. Bc5 {[%clk 1:09:44]} Qf7
{[%clk 0:56:09]} 23. Nb4 {[%clk 1:08:30]} Rxd2 {[%clk 0:54:46]} 24. Nxc6+
{[%clk 1:08:51]} bxc6 {[%clk 0:55:14]} 25. Qxd2 {[%clk 1:07:34]} Qd7
{[%clk 0:54:30]} 26. Bxb6 {[%clk 1:05:42]} Qxd2 {[%clk 0:54:54]} 27. Bxa7+
{[%clk 1:05:58]} Kxa7 {[%clk 0:55:20]} 28. Rxd2 {[%clk 1:06:23]} Kb6
{[%clk 0:55:40]} 29. Kf2 {[%clk 1:06:44]} Ra8 {[%clk 0:55:06]} 30. Ke3
{[%clk 1:06:41]} Kc5 {[%clk 0:53:47]} 31. Bf1 {[%clk 1:06:57]} Rb8
{[%clk 0:54:10]} 32. Be2 {[%clk 1:05:04]} g6 {[%clk 0:52:18]} 33. f4
{[%clk 1:03:43]} Rf8 {[%clk 0:51:19]} 34. Bd3 {[%clk 1:00:43]} exf4+
{[%clk 0:47:21]} 35. gxf4 {[%clk 1:00:39]} Re8 {[%clk 0:42:41]} 36. Rg2
{[%clk 0:52:03]} g5 {[%clk 0:38:29]} 37. fxg5 {[%clk 0:49:53]} hxg5
{[%clk 0:37:20]} 38. Rf2 {[%clk 0:49:06]} f5 {[%clk 0:37:11]} 39. b4+
{[%clk 0:43:30]} Kd6 {[%clk 0:35:57]} 40. exf5 {[%clk 0:42:57]} Bxf5+
{[%clk 0:35:28]} 41. Kd4 {[%clk 0:42:55]} Be6 {[%clk 0:35:39]} 42. Bc4
{[%clk 0:40:56]} Bd7 {[%clk 0:32:41]} 43. Rf6+ {[%clk 0:36:16]} Ke7
{[%clk 0:33:00]} 44. Rg6 {[%clk 0:35:40]} g4 {[%clk 0:32:44]} 45. Rg8
{[%clk 0:35:29]} 1-0

[Event "Torneio Nacional de Mestres e Honra"]
[Site "Centro de Estagio do Jamor"]
[Date "2019.08.16"]
[Round "5.4"]
[White "Fidalgo, Daniel"]
[Black "Fidalgo, Andre"]
[Result "1/2-1/2"]
[BlackElo "2261"]
[WhiteElo "2089"]
[WhiteTeam "Santoantoniense FC"]
[BlackTeam "Santoantoniense FC"]
[LiveChessVersion "1.4.8"]

1. e4 {[%clk 1:30:56]} c5 {[%clk 1:30:44]} 2. c4 {[%clk 1:31:21]} e6
{[%clk 1:29:21]} 3. Nc3 {[%clk 1:31:09]} Ne7 {[%clk 1:29:32]} 4. g3
{[%clk 1:30:39]} d5 {[%clk 1:29:30]} 5. d3 {[%clk 1:30:50]} Nbc6 {[%clk 1:26:17]}
6. Bg2 {[%clk 1:30:45]} dxc4 {[%clk 1:21:54]} 7. dxc4 {[%clk 1:31:00]} Qxd1+
{[%clk 1:21:26]} 8. Nxd1 {[%clk 1:30:47]} Ne5 {[%clk 1:17:13]} 9. Ne3
{[%clk 1:30:02]} N7c6 {[%clk 1:17:16]} 10. Nf3 {[%clk 1:29:27]} Nxf3+
{[%clk 1:12:14]} 11. Bxf3 {[%clk 1:29:47]} Be7 {[%clk 1:12:26]} 12. Bd2
{[%clk 1:28:48]} Bf6 {[%clk 1:12:50]} 13. O-O-O {[%clk 1:28:02]} Bd7
{[%clk 1:09:20]} 14. Bg2 {[%clk 1:26:39]} Bd4 {[%clk 1:08:03]} 15. Bc3
{[%clk 1:25:45]} O-O-O {[%clk 1:07:17]} 16. Rhe1 {[%clk 1:23:32]} Bxe3+
{[%clk 1:01:07]} 17. fxe3 {[%clk 1:23:03]} e5 {[%clk 0:55:34]} 18. Rd5
{[%clk 1:21:59]} Be6 {[%clk 0:55:37]} 19. Rxc5 {[%clk 1:22:22]} f6
{[%clk 0:55:59]} 20. Rd5 {[%clk 1:15:53]} Bxd5 {[%clk 0:55:40]} 21. exd5
{[%clk 1:16:21]} Ne7 {[%clk 0:52:09]} 22. Bh3+ {[%clk 1:16:38]} Kb8
{[%clk 0:52:34]} 23. Bb4 {[%clk 1:16:40]} Nc8 {[%clk 0:52:59]} 24. Be6
{[%clk 1:15:51]} b6 {[%clk 0:52:42]} 25. Kb1 {[%clk 1:15:10]} Nd6
{[%clk 0:48:26]} 26. Rc1 {[%clk 1:15:07]} Rhe8 {[%clk 0:31:04]} 27. c5
{[%clk 1:12:47]} 1/2-1/2

[Event "Torneio Nacional de Mestres e Honra"]
[Site "Centro de Estagio do Jamor"]
[Date "2019.08.16"]
[Round "5.5"]
[White "Rodrigues, Afonso"]
[Black "Dias, Paulo"]
[Result "0-1"]
[BlackElo "2314"]
[WhiteElo "2134"]
[WhiteTeam "A.Xat - Montemor-O-Novo"]
[BlackTeam "A.Xat - Montemor-O-Novo"]
[LiveChessVersion "1.4.8"]

1. d4 {[%clk 1:27:28]} d6 {[%clk 1:28:37]} 2. Bf4 {[%clk 1:27:13]} g6
{[%clk 1:28:32]} 3. e3 {[%clk 1:27:33]} Bg7 {[%clk 1:28:48]} 4. Nf3
{[%clk 1:27:50]} f5 {[%clk 1:27:49]} 5. h3 {[%clk 1:21:08]} Nf6 {[%clk 1:27:22]}
6. Bc4 {[%clk 1:21:26]} e6 {[%clk 1:24:12]} 7. g4 {[%clk 1:20:42]} Nc6
{[%clk 1:14:22]} 8. Nc3 {[%clk 1:11:47]} Qe7 {[%clk 1:07:40]} 9. gxf5
{[%clk 0:57:51]} exf5 {[%clk 1:06:13]} 10. Bg5 {[%clk 0:57:20]} Na5
{[%clk 0:58:37]} 11. Nd5 {[%clk 0:45:07]} Qd8 {[%clk 0:57:28]} 12. Qe2
{[%clk 0:42:39]} c6 {[%clk 0:51:51]} 13. Nxf6+ {[%clk 0:41:24]} Bxf6
{[%clk 0:49:42]} 14. Bxf6 {[%clk 0:41:50]} Qxf6 {[%clk 0:50:04]} 15. Bd3
{[%clk 0:42:10]} b6 {[%clk 0:46:40]} 16. O-O-O {[%clk 0:42:13]} Be6
{[%clk 0:44:59]} 17. Ba6 {[%clk 0:40:18]} Rb8 {[%clk 0:37:48]} 18. c4
{[%clk 0:40:25]} b5 {[%clk 0:28:22]} 19. cxb5 {[%clk 0:21:34]} Bxa2
{[%clk 0:28:01]} 20. bxc6 {[%clk 0:18:49]} Rb6 {[%clk 0:19:07]} 21. Bb5
{[%clk 0:11:17]} Bd5 {[%clk 0:13:28]} 22. c7+ {[%clk 0:07:37]} Ke7
{[%clk 0:12:42]} 23. b4 {[%clk 0:06:47]} Nc6 {[%clk 0:05:31]} 24. Kd2
{[%clk 0:05:16]} Rc8 {[%clk 0:04:51]} 25. Bxc6 {[%clk 0:04:47]} Rxc6
{[%clk 0:04:33]} 26. Rc1 {[%clk 0:04:53]} R8xc7 {[%clk 0:03:44]} 27. Rxc6
{[%clk 0:04:40]} Rxc6 {[%clk 0:03:56]} 28. Rc1 {[%clk 0:04:29]} Rxc1
{[%clk 0:03:18]} 29. Kxc1 {[%clk 0:04:56]} Qe6 {[%clk 0:02:44]} 30. Nd2
{[%clk 0:03:54]} Qc8+ {[%clk 0:02:20]} 31. Kb2 {[%clk 0:04:04]} Qb7
{[%clk 0:02:32]} 32. Ka3 {[%clk 0:04:12]} Qc6 {[%clk 0:02:33]} 33. Nb3
{[%clk 0:03:18]} Qc3 {[%clk 0:01:59]} 34. Qb2 {[%clk 0:03:43]} Qd3
{[%clk 0:02:02]} 35. Ka4 {[%clk 0:02:03]} Bxb3+ {[%clk 0:02:12]} 0-1

[Event "Torneio Nacional de Mestres e Honra"]
[Site "Centro de Estagio do Jamor"]
[Date "2019.08.16"]
[Round "5.6"]
[White "Santos, Ruben"]
[Black "Bartolo, Filipe"]
[Result "1-0"]
[BlackElo "1705"]
[WhiteElo "1722"]
[WhiteTeam "Estrelas S. Joao Brito"]
[BlackTeam "Gx Alekhine"]
[LiveChessVersion "1.4.8"]

1. a3 {[%clk 1:24:04]} e5 {[%clk 1:30:52]} 2. e3 {[%clk 1:23:51]} d5
{[%clk 1:30:18]} 3. d4 {[%clk 1:24:13]} exd4 {[%clk 1:30:20]} 4. exd4
{[%clk 1:24:39]} Bd6 {[%clk 1:28:03]} 5. Bd3 {[%clk 1:25:02]} h6 {[%clk 1:25:35]}
6. Ne2 {[%clk 1:25:29]} Nf6 {[%clk 1:25:22]} 7. O-O {[%clk 1:25:49]} O-O
{[%clk 1:25:01]} 8. Bf4 {[%clk 1:26:11]} Nc6 {[%clk 1:22:20]} 9. c3
{[%clk 1:17:31]} Bg4 {[%clk 1:12:26]} 10. f3 {[%clk 1:16:43]} Be6
{[%clk 1:11:04]} 11. Nd2 {[%clk 1:15:44]} Ne7 {[%clk 1:03:33]} 12. Kh1
{[%clk 1:10:30]} c5 {[%clk 0:59:36]} 13. Bxd6 {[%clk 1:10:05]} Qxd6
{[%clk 0:59:56]} 14. dxc5 {[%clk 1:10:27]} Qxc5 {[%clk 1:00:10]} 15. Nd4
{[%clk 1:10:48]} Nc6 {[%clk 0:58:35]} 16. N2b3 {[%clk 1:10:45]} Qb6
{[%clk 0:58:42]} 17. Qd2 {[%clk 1:10:57]} Nd7 {[%clk 0:56:34]} 18. f4
{[%clk 1:07:11]} Nc5 {[%clk 0:56:16]} 19. Nxc5 {[%clk 1:07:39]} Qxc5
{[%clk 0:56:23]} 20. f5 {[%clk 1:07:58]} Bd7 {[%clk 0:54:11]} 21. f6
{[%clk 1:08:14]} Nxd4 {[%clk 0:51:33]} 22. cxd4 {[%clk 1:07:57]} Qd6
{[%clk 0:51:16]} 23. Rf3 {[%clk 1:06:39]} Rfe8 {[%clk 0:50:08]} 24. Raf1
{[%clk 1:05:03]} Re6 {[%clk 0:47:42]} 25. fxg7 {[%clk 1:04:33]} Rae8
{[%clk 0:46:57]} 26. Rg3 {[%clk 1:01:21]} Qe7 {[%clk 0:46:28]} 27. Qc2
{[%clk 1:01:36]} Re4 {[%clk 0:45:49]} 28. Bxe4 {[%clk 1:00:51]} dxe4
{[%clk 0:45:44]} 29. Re1 {[%clk 0:59:18]} Qf6 {[%clk 0:45:14]} 30. Qd2
{[%clk 0:57:27]} Bc6 {[%clk 0:44:24]} 31. Qe3 {[%clk 0:53:56]} Rd8
{[%clk 0:43:19]} 32. Rd1 {[%clk 0:52:23]} Ba4 {[%clk 0:40:51]} 33. b3
{[%clk 0:50:46]} Bc6 {[%clk 0:40:57]} 34. Kg1 {[%clk 0:50:41]} Qe6
{[%clk 0:39:07]} 35. Rf1 {[%clk 0:49:42]} Rd6 {[%clk 0:38:56]} 36. Qf4
{[%clk 0:48:59]} Bd7 {[%clk 0:38:21]} 37. Qxf7+ {[%clk 0:48:47]} Qxf7
{[%clk 0:38:34]} 38. Rxf7 {[%clk 0:49:14]} Rxd4 {[%clk 0:38:31]} 39. Rf8+
{[%clk 0:49:25]} 1-0

[Event "Torneio Nacional de Mestres e Honra"]
[Site "Centro de Estagio do Jamor"]
[Date "2019.08.16"]
[Round "5.7"]
[White "Aguiar, Carlos"]
[Black "Lavrador, Rodolfo"]
[Result "1-0"]
[BlackElo "1840"]
[WhiteElo "1821"]
[WhiteTeam "Gx Alekhine"]
[BlackTeam "Clube Edp - Lisboa"]
[LiveChessVersion "1.4.8"]

1. Nf3 {[%clk 1:30:56]} d5 {[%clk 1:30:31]} 2. d4 {[%clk 1:31:15]} Nf6
{[%clk 1:30:26]} 3. c4 {[%clk 1:31:24]} e6 {[%clk 1:29:26]} 4. Nc3
{[%clk 1:31:45]} Be7 {[%clk 1:29:00]} 5. Bg5 {[%clk 1:31:50]} h6 {[%clk 1:28:21]}
6. Bh4 {[%clk 1:32:13]} O-O {[%clk 1:28:02]} 7. e3 {[%clk 1:32:35]} Nbd7
{[%clk 1:25:01]} 8. cxd5 {[%clk 1:32:46]} exd5 {[%clk 1:25:05]} 9. Bd3
{[%clk 1:33:04]} Re8 {[%clk 1:23:57]} 10. Rc1 {[%clk 1:33:13]} c6
{[%clk 1:23:48]} 11. O-O {[%clk 1:33:33]} Nf8 {[%clk 1:19:41]} 12. h3
{[%clk 1:33:30]} Be6 {[%clk 1:13:37]} 13. Bxf6 {[%clk 1:32:40]} Bxf6
{[%clk 1:13:34]} 14. b4 {[%clk 1:32:58]} a6 {[%clk 1:09:34]} 15. a4
{[%clk 1:32:19]} Rc8 {[%clk 1:09:09]} 16. Nd2 {[%clk 1:27:33]} Qd7
{[%clk 1:04:08]} 17. Qf3 {[%clk 1:27:41]} Nh7 {[%clk 1:03:33]} 18. Bxh7+
{[%clk 1:28:00]} Kxh7 {[%clk 1:03:52]} 19. Nb3 {[%clk 1:28:14]} b6
{[%clk 1:01:03]} 20. a5 {[%clk 1:25:19]} Bd8 {[%clk 0:58:36]} 21. axb6
{[%clk 1:24:51]} Bxb6 {[%clk 0:58:53]} 22. Na4 {[%clk 1:25:05]} Rb8
{[%clk 0:54:52]} 23. Nac5 {[%clk 1:23:30]} Qa7 {[%clk 0:54:05]} 24. Ra1
{[%clk 1:23:24]} Bc8 {[%clk 0:52:16]} 25. Ra4 {[%clk 1:16:35]} Bxc5
{[%clk 0:48:13]} 26. Nxc5 {[%clk 1:16:36]} Rb6 {[%clk 0:48:01]} 27. Rfa1
{[%clk 1:16:43]} Qe7 {[%clk 0:48:12]} 28. Nxa6 {[%clk 1:12:09]} Bxa6
{[%clk 0:46:55]} 29. Rxa6 {[%clk 1:12:30]} Reb8 {[%clk 0:46:50]} 30. Rxb6
{[%clk 1:08:29]} Rxb6 {[%clk 0:47:09]} 31. Qf5+ {[%clk 1:08:48]} g6
{[%clk 0:46:37]} 32. Qc8 {[%clk 1:08:54]} Qb7 {[%clk 0:42:15]} 33. Qf8
{[%clk 1:09:01]} Qb8 {[%clk 0:36:13]} 34. Qxf7+ {[%clk 1:09:11]} Kh8
{[%clk 0:36:34]} 35. Ra7 {[%clk 1:08:27]} 1-0

[Event "Torneio Nacional de Mestres e Honra"]
[Site "Centro de Estagio do Jamor"]
[Date "2019.08.16"]
[Round "5.8"]
[White "Horta, Antonio"]
[Black "Dong, Rafael"]
[Result "1/2-1/2"]
[BlackElo "1432"]
[WhiteElo "1843"]
[WhiteTeam "Amadora Xadrez"]
[BlackTeam "Cx Sintra"]
[LiveChessVersion "1.4.8"]

1. d4 {[%clk 1:30:57]} d5 {[%clk 1:30:59]} 2. Nf3 {[%clk 1:31:11]} Nf6
{[%clk 1:31:23]} 3. g3 {[%clk 1:31:36]} c6 {[%clk 1:31:47]} 4. Bg2
{[%clk 1:32:02]} Bf5 {[%clk 1:32:10]} 5. O-O {[%clk 1:32:26]} e6 {[%clk 1:32:33]}
6. Bg5 {[%clk 1:32:16]} Be7 {[%clk 1:32:38]} 7. c4 {[%clk 1:29:55]} h6
{[%clk 1:33:03]} 8. Bf4 {[%clk 1:25:30]} Nbd7 {[%clk 1:33:03]} 9. c5
{[%clk 1:25:16]} g5 {[%clk 1:31:52]} 10. Be5 {[%clk 1:22:06]} Nxe5
{[%clk 1:31:32]} 11. Nxe5 {[%clk 1:21:57]} Nd7 {[%clk 1:30:54]} 12. Nxd7
{[%clk 1:03:28]} Qxd7 {[%clk 1:31:22]} 13. Nd2 {[%clk 1:03:49]} Bf6
{[%clk 1:23:31]} 14. Nf3 {[%clk 1:03:42]} Qc7 {[%clk 1:21:41]} 15. Qd2
{[%clk 0:55:39]} g4 {[%clk 1:20:15]} 16. Ne1 {[%clk 0:52:13]} h5 {[%clk 1:19:42]}
17. e3 {[%clk 0:50:07]} e5 {[%clk 1:14:22]} 18. dxe5 {[%clk 0:50:11]} Qxe5
{[%clk 1:13:03]} 19. Nd3 {[%clk 0:49:30]} Qe7 {[%clk 1:10:51]} 20. Rac1
{[%clk 0:47:24]} Bxd3 {[%clk 1:08:15]} 21. Qxd3 {[%clk 0:46:56]} Bxb2
{[%clk 1:06:32]} 22. Rb1 Bf6 1/2-1/2

[Event "Torneio Nacional de Mestres e Honra"]
[Site "Centro de Estagio do Jamor"]
[Date "2019.08.16"]
[Round "5.9"]
[White "Correia, Pedro"]
[Black "Morais, Vitor"]
[Result "0-1"]
[BlackElo "1907"]
[WhiteElo "1525"]
[WhiteTeam "Axportugal /Atlantidiagon"]
[BlackTeam "Clube Edp - Lisboa"]
[LiveChessVersion "1.4.8"]

1. e4 {[%clk 1:30:53]} c5 {[%clk 1:30:51]} 2. Nf3 {[%clk 1:31:06]} a6
{[%clk 1:31:13]} 3. d4 {[%clk 1:30:32]} cxd4 {[%clk 1:31:21]} 4. Nxd4
{[%clk 1:30:30]} Nf6 {[%clk 1:31:42]} 5. Bd3 {[%clk 1:29:51]} e5 {[%clk 1:31:31]}
6. Nf3 {[%clk 1:23:54]} d5 {[%clk 1:31:50]} 7. Qe2 {[%clk 1:16:37]} d4
{[%clk 1:31:20]} 8. h3 {[%clk 1:11:25]} Nc6 {[%clk 1:31:40]} 9. c3
{[%clk 1:10:44]} dxc3 {[%clk 1:31:31]} 10. Nxc3 {[%clk 1:08:35]} Be7
{[%clk 1:31:48]} 11. O-O {[%clk 1:02:57]} h6 {[%clk 1:32:08]} 12. Be3
{[%clk 1:00:17]} Be6 {[%clk 1:30:39]} 13. Rfd1 {[%clk 0:56:09]} Qa5
{[%clk 1:30:11]} 14. Bc2 {[%clk 0:50:29]} O-O {[%clk 1:28:54]} 15. a3
{[%clk 0:42:53]} Rfd8 {[%clk 1:29:12]} 16. Rxd8+ {[%clk 0:40:05]} Rxd8
{[%clk 1:29:28]} 17. Rd1 {[%clk 0:39:30]} Rxd1+ {[%clk 1:28:38]} 18. Qxd1
{[%clk 0:39:34]} Qd8 {[%clk 1:24:39]} 19. Qxd8+ {[%clk 0:39:20]} Bxd8
{[%clk 1:25:01]} 20. Kf1 {[%clk 0:33:46]} Kf8 {[%clk 1:25:19]} 21. Ke2
{[%clk 0:32:40]} Ke7 {[%clk 1:24:54]} 22. Na4 {[%clk 0:30:18]} b5
{[%clk 1:21:39]} 23. Bc5+ {[%clk 0:27:56]} Ke8 {[%clk 1:19:29]} 24. Nc3
{[%clk 0:26:39]} Nd7 {[%clk 1:19:30]} 25. Be3 {[%clk 0:23:51]} Nb6
{[%clk 1:19:52]} 26. Bxb6 {[%clk 0:22:18]} Bxb6 {[%clk 1:20:12]} 27. Bd3
{[%clk 0:17:57]} Nd4+ {[%clk 1:18:26]} 28. Nxd4 {[%clk 0:17:44]} Bxd4
{[%clk 1:18:46]} 29. f3 {[%clk 0:15:00]} Kd7 {[%clk 1:19:10]} 30. Kd2
{[%clk 0:14:41]} Kc6 {[%clk 1:19:29]} 31. b4 {[%clk 0:14:25]} f6 {[%clk 1:16:06]}
32. Kc2 {[%clk 0:14:39]} g6 {[%clk 1:16:20]} 33. a4 {[%clk 0:14:57]} bxa4
{[%clk 1:15:37]} 34. Nxa4 {[%clk 0:14:31]} Kb7 {[%clk 1:15:52]} 35. Nb2
{[%clk 0:13:44]} Bb6 {[%clk 1:13:27]} 36. Bc4 {[%clk 0:13:30]} Bd7
{[%clk 1:08:48]} 37. Bd5+ {[%clk 0:12:04]} Kc7 {[%clk 1:09:03]} 38. Kb3
{[%clk 0:11:28]} f5 {[%clk 1:09:15]} 39. Nc4 {[%clk 0:09:22]} Bd4
{[%clk 1:09:32]} 40. Na3 {[%clk 0:08:34]} f4 {[%clk 1:09:39]} 41. Bc4
{[%clk 0:07:53]} Kb6 {[%clk 1:09:36]} 42. Bf7 {[%clk 0:08:07]} g5
{[%clk 1:09:57]} 43. Nc4+ {[%clk 0:08:01]} Kc7 {[%clk 1:09:57]} 44. Bd5
{[%clk 0:07:19]} h5 {[%clk 1:09:27]} 45. Bf7 {[%clk 0:07:28]} g4 {[%clk 1:09:49]}
46. hxg4 {[%clk 0:04:46]} hxg4 {[%clk 1:10:06]} 47. Bh5 {[%clk 0:04:07]} g3
{[%clk 1:10:21]} 48. Nb2 {[%clk 0:03:30]} Bh3 {[%clk 1:10:28]} 49. Nd3
{[%clk 0:01:20]} Bxg2 {[%clk 1:10:42]} 50. Ne1 {[%clk 0:01:16]} Bf1
{[%clk 1:10:59]} 51. Bg4 {[%clk 0:00:00]} 0-1

[Event "Torneio Nacional de Mestres e Honra"]
[Site "Centro de Estagio do Jamor"]
[Date "2019.08.16"]
[Round "5.10"]
[White "Guia, Artur"]
[Black "Dong, Fabio"]
[Result "1-0"]
[BlackElo "1433"]
[WhiteElo "1808"]
[WhiteTeam "Axportugal /Atlantidiagon"]
[BlackTeam "Cx Sintra"]
[LiveChessVersion "1.4.8"]

1. b3 {[%clk 1:30:56]} Nf6 {[%clk 1:30:53]} 2. Bb2 {[%clk 1:31:24]} g6
{[%clk 1:31:14]} 3. g3 {[%clk 1:31:47]} Bg7 {[%clk 1:31:24]} 4. Bg2
{[%clk 1:32:15]} O-O {[%clk 1:31:24]} 5. Nf3 {[%clk 1:32:41]} c5 {[%clk 1:31:15]}
6. c4 {[%clk 1:32:36]} Nc6 {[%clk 1:31:08]} 7. O-O {[%clk 1:32:59]} d6
{[%clk 1:27:05]} 8. Nc3 {[%clk 1:32:13]} Bg4 {[%clk 1:23:42]} 9. h3
{[%clk 1:29:49]} Bd7 {[%clk 1:23:42]} 10. Kh2 {[%clk 1:29:19]} a6
{[%clk 1:22:42]} 11. e3 {[%clk 1:26:53]} Rb8 {[%clk 1:21:39]} 12. Qe2
{[%clk 1:24:58]} Qc7 {[%clk 1:21:09]} 13. d4 {[%clk 1:23:49]} cxd4
{[%clk 1:20:39]} 14. exd4 {[%clk 1:23:21]} Rfe8 {[%clk 1:15:45]} 15. Rfe1
{[%clk 1:18:30]} e6 {[%clk 1:15:41]} 16. Rad1 {[%clk 1:16:08]} Ne7
{[%clk 1:09:24]} 17. Rc1 {[%clk 1:12:17]} Qa5 {[%clk 1:03:49]} 18. a3
{[%clk 1:10:20]} b5 {[%clk 0:59:26]} 19. b4 {[%clk 1:10:16]} Qb6 {[%clk 0:57:46]}
20. c5 {[%clk 1:10:34]} dxc5 {[%clk 0:56:19]} 21. dxc5 {[%clk 1:10:34]} Qc7
{[%clk 0:56:26]} 22. Red1 {[%clk 1:07:49]} Nfd5 {[%clk 0:52:56]} 23. Ne4
{[%clk 1:07:46]} Nf5 {[%clk 0:48:09]} 24. Bxg7 {[%clk 1:06:51]} Kxg7
{[%clk 0:47:17]} 25. Qb2+ {[%clk 1:07:14]} Kg8 {[%clk 0:47:03]} 26. Rxd5
{[%clk 1:06:31]} exd5 {[%clk 0:46:26]} 27. Nf6+ {[%clk 1:06:57]} Kf8
{[%clk 0:46:20]} 28. Nxh7+ {[%clk 1:07:14]} Kg8 {[%clk 0:46:09]} 29. Nf6+
{[%clk 1:07:39]} Kf8 {[%clk 0:46:16]} 30. Nxd5 {[%clk 1:07:42]} 1-0